000 00586nam a2200229 a 4500
003 AR-BaBNM
005 20251128203207.0
008 082120s2002 ||||||||||||||000 | spa||
040 _cAR-BaBNM
100 1 _aTalice, Roberto Alejandro
245 0 0 _aCuatro en el paraĆ­so
260 _aBuenos Aires
_bEdiciones del Carro de Tespis
_c1966
300 _a77 p.
490 0 _aArgentores
_vv. 81
650 4 _aLITERATURA ARGENTINA
650 4 _aTEATRO
650 4 _aLITERATURA CONTEMPORANEA
655 _aLITERATURA
700 1 _aMontaine, Eliseo
942 _cBK
998 _cMARTIN
999 _c2325
_d2325